=LDR 00000nam 2200000 4500 =001 INLIS000000000022112 =005 20130612120913 =008 ***********************************Ind** =035 ##$$0010-061300000022112 =041 ##$$a Ind =082 ##$$a 350 =090 ##$$a 350, tho d4 =100 ##$$a MIFTAH THOHA =245 ##$$a Ilmu administrasi negara =260 ##$$a 1984 $b Jakarta =300 ##$$a 281 hlm, ilus, 21 cm =650 ##$$a Administrasi negara =850 ##$$a NBPNMAT =990 ##$$a 0001/BPAP-NTB/20142015